000 00711nam a2200229 a 4500
005 20160415173346.0
008 160415b xxu||||| |||| 00| 0 spa d
040 _aCO-BoIAVH
_cCO-BoIAVH
041 _aspa
044 _ack
090 _aFG-
_b0044
110 2 _aIdeam
_91570
245 1 _aNueva medición de la calidad de agua en los ríos, Magdalena y Cauca
_brealizó el Ideam, Cormagdalena y Onf Andina
260 _aPopayán
_bIDEAM
_bCORMAGDALENA
_bONF Andina
_bFFEM
_c2007
300 _a24 paginas
650 1 4 _aCalidad de Agua
_965548
650 1 4 _aHidrología
_965549
650 1 4 _aCalidad de Sedimentos
_965550
650 1 4 _aMetales Pesados
_965551
942 _cFolleto
_01
_2z
945 _d2008-03-25
999 _c6228
_d6228